Longest Serving Governors Quiz - Statistics

General Stats
  • This quiz has been taken 36 times
  • The average score is 7 of 15
Answer Stats
Days Years State Party Governor % Correct
5,848 1963-1967 | 1971-1979 | 1983-1987 Alabama Democratic George Wallace
86%
5,847 1975-1983 | 2011-2019 California Democratic Jerry Brown
86%
7,641 1777-1795 | 1801-1804 New York Democratic-Republican George Clinton
72%
5,466 1959-1973 New York Republican Nelson Rockefeller
59%
5,144 2000-2015 Texas Republican Rick Perry
59%
5,142 1987-2001 Wisconsin Republican Tommy Thompson
52%
5,784 1972-1980 | 1984-1988 | 1992-1996 Louisiana Democratic Edwin Edwards
48%
8,169 1983-1999 | 2011-2017 Iowa Republican Terry Branstad
48%
5,642 1790-1805 Rhode Island Country Arthur Fenner
24%
5,132 1971-1977 | 1987-1995 Idaho Democratic Cecil Andrus
24%
5,840 1977-1985 | 1993-2001 North Carolina Democratic Jim Hunt
24%
5,475 1920-1935 Maryland Democratic Albert Ritchie
21%
5,847 1979-1987 | 1995-2003 South Dakota Republican Bill Janklow
21%
5,840 1963-1971 | 1975-1983 Ohio Republican Jim Rhodes
21%
5,119 1794-1805 | 1813-1816 New Hampshire Federalist John Taylor Gilman
21%
No matching quizzes found
Score Distribution
Percent of People with Each Score
Percentile by Number Answered
Your Score History
You have not taken this quiz